Escorços biographicos e criticos / (Record no. 161752)

MARC details
000 -LEADER
campo de control de longitud fija 00674nam a22001695i 4500
001 - NÚMERO DE CONTROL
campo de control 161752
003 - IDENTIFICADOR DE NÚMERO DE CONTROL
campo de control ES-MaACL
005 - FECHA Y HORA DE LA ÚLTIMA TRANSACCIÓN
campo de control 20230906212342.0
008 - DATOS DE LONGITUD FIJA--INFORMACIÓN GENERAL
campo de control de longitud fija 041026s1870 po |||| | por d
040 ## - FUENTE DE CATALOGACIÓN
Centro catalogador/agencia de origen CAM
Lengua de catalogación spa
Centro/agencia transcriptor CAM
100 1# - ENTRADA PRINCIPAL--NOMBRE DE PERSONA
Nombre de persona Pereira Rodrígues, J. M.
9 (RLIN) 130996
245 10 - MENCIÓN DEL TÍTULO
Título Escorços biographicos e criticos /
Mención de responsabilidad, etc. por J.M. Pereira Rodrigues.
260 ## - PUBLICACIÓN, DISTRIBUCIÓN, ETC.
Lugar de publicación, distribución, etc. Lisboa :
Nombre del editor, distribuidor, etc. [s.n.],
Fecha de publicación, distribución, etc. 1870 (
Fabricante Typographia Universal de Thomaz Quintino Antunes)
300 ## - DESCRIPCIÓN FÍSICA
Extensión 139 p. ;
Dimensiones 17 cm.
505 8# - NOTA DE CONTENIDO CON FORMATO
Nota de contenido con formato Contiene: Auber, Damoreau, Rossi-Caccia, Ristori, Nery Baraldi, Beneventano
852 ## - LOCALIZACIÓN
Ubicación ES-MaACL
Número de control de estantería T-641-F-1
Nota libre -- Enc. hol. conservando la cub. original
-- -- Enc. en un vol. facticio
Holdings
Estatus retirado Estado de pérdida Estado de daño No para préstamo Colección Biblioteca de origen Biblioteca actual Ubicación en estantería Fecha de adquisición Total de préstamos Signatura topográfica completa Código de barras Visto por última vez Precio de reemplazo Tipo de ítem Koha
        Colección de folletos Biblioteca del Ateneo de Madrid Biblioteca del Ateneo de Madrid Depósito folletos 17/01/2008   T-641-F-1 1169436 23/02/2023 23/02/2023 Folleto